Регионална библиотека "Любен Каравелов" - Русе

Забележителната ракета (Запис номер 159061)

MARC детайли
000 -Лидер
Контролно поле с фиксирана дължина 01771nam a2200385 c 4500
003 - Код на организацията, давaща контролен номер
Контролно поле BLK
005 - Дата и час на последна редакция
Контролно поле 20241104111040.0
008 - Елементи от данни с фиксирана дължина
fixed length control field 180410b bul|||||r ||||||| ||bul||
010 ## - Наследен системен номер
LC control number KNG00166122000
020 ## - Международен стандартен номер на книга ISBN
Международен стандартен номер на книга ISBN 978-954-340-307-3
-- издат.: New Media Group
040 ## - Източник на каталожния запис
Идентификатор на билиотеката - собственик на записа BLK
041 ## - Код за език
Код за езика на текст/звукозапис или на отделно заглавие Български
Код за езика КДБФ Български
072 #7 - Код за тематичната категория
Код организация bullib
Код за тематична категория Н85
Текст Детска художествена литература Н
080 ## - УДК
Текстов определител УДК Английска литература
УДК код - определител по УДК 821.111
УДК определител -93-34
УДК - код + определител 821.111-93-34
100 1# - Редна дума - Автор
Автор Уайлд, Оскар
Дати, свързани с автора 1854 - 1900
Автор - информация (биография) Английски писател, поет, драматург
Пълна форма на името Уайлд, Оскар Фингъл О'Флеърти Уилс
R(LIN) 132080
139 ## - Редно поле
Редна дума Уайлд, Оскар
Авторски знак Уаи - У 13
245 10 - Сведения за заглавието
Заглавие Забележителната ракета
Подзаглавни данни Приказка
Редно поле (дума) Оскар Уайлд; прев. Веселина Маринова Стоянова.
257 ## - Страна на издаване
Страна на създаване/издаване Великобритания
260 ## - Област на издателските данни
-- София
Име на издателя, разпространителя и проч. New Media Group
Година на издаване 2013
Печатница София : Алианс принт
300 ## - Физическа характеристика
Страници 32 с.
Илюстрации и др. с цв. ил.
Размери/Мащаб 20 см
380 ## - Жанр
Жанр Детска худож. лит.
490 1# - СЕРИИ (Колекции)
Име на серия Детство мое : Вълшебни приказки в картинки
№: серия 77
500 ## - Общи забележки
Забележка Без сведение за ориг. загл. - Съдържа и за авт. Детство мое = ISSN C633-4717
653 ## - Ключова дума – ненормативна
Ключова дума приказки
653 ## - Ключова дума – ненормативна
Ключова дума литература за деца
653 ## - Ключова дума – ненормативна
Ключова дума детска литература
659 ## - Тематичен бюлетин
Тематичен бюлетин Н
700 1# - Други автори (авторска отговорност)
Лично име Стоянова, Веселина Маринова
Автороска отговорност (Описва отношението между автора и произведението) прев.
9 (RLIN) 371058
852 ## - Местоположение
Форматна сигнатура Цб 271273
856 4# - Електронен адрес и достъп
Електронен формат pdf - файл
Път до файла /url/
856 4# - Електронен адрес и достъп
Електронен формат pdf - файл
Път до файла /url/
942 ## - АРТИКУЛИ
Вид на библиотечния материал Книги
Скрит в OPAC Не
944 ## - СЪЗДАВАНЕ И РЕДАКЦИЯ на ЗАПИСА
Създаване/Редакция Създаване
Дата на регистрацията/редакция 15.10.2014
Статус, дата на статуса Геновева Генчева
Служител, извършил регистрацията/редакцията 30560
944 ## - СЪЗДАВАНЕ И РЕДАКЦИЯ на ЗАПИСА
Създаване/Редакция Редакция
Дата на регистрацията/редакция 16.11.2016
Статус, дата на статуса ф /
Служител, извършил регистрацията/редакцията Людмила_Стоянова
999 ## - СИСТЕМНИ КОНТРОЛНИ НОМЕРА
Koha biblionumber 159061
Koha biblioitemnumber 159061
Наличности
Код за отписване Код за изгубен артикул Код за повреда Коз за рестрикции Код за отдаване Артикулен № Име на библиотеката - собственик Име на библиотеката, в която се намира в момента Статус (Текущо местоположение) Дата на вписване в системата Местоположение - отдел Цена в лева Инвентарен номер Систематично азбучна сигнатура Баркод Номер на екземпляра Цена в евро Служебна бележка Служебен тип на артикула Източник на класификационната схема
  Не е изгубен Не е повреден без рестрикции ползва се в читалня 265778 Регионална библиотека "Любен Каравелов" Русе Регионална библиотека "Любен Каравелов" Русе Хранилище 2014-10-15 Хранилище 4.00 120000781800 Цб 271273 120000781800 1 2.05 Дост: Dp Вид: Д N: 6 Дата: 04.02.2014 Книги  
  Не е изгубен Не е повреден без рестрикции заемане за дома 265779 Регионална библиотека "Любен Каравелов" Русе Регионална библиотека "Любен Каравелов" Русе Детски отдел 2016-07-11 Детски отдел 4.00 120000802150 ДХ 820/899/У 13 120000802150 2 2.05 Дост: DA Вид: А N: 27 Дата: 11.07.2016 Книги  
  Не е изгубен Не е повреден без рестрикции заемане за дома 730117 Регионална библиотека "Любен Каравелов" Русе Регионална библиотека "Любен Каравелов" Русе Детски отдел 2019-07-12 Детски отдел 1.50   ДХ 820/899/У 13 120000833357   0.77   Книги Universal Decimal Classification
Vip Innovations Ltd, Rousse, Bulgaria 2025